000
00215nam a2200097Ia 4500
008
190216s9999||||xx |||||||||||||| ||und||
100
_a
Neela Abraham
245
0
_a
Irumbazhikal
260
_b
Nbs Kottayam
942
_c
BK
999
_c
30397
_d
30397